000 00973nac a22003257a 4500
001 BR9704332
003 BR-BrBNA
005 20240105121941.0
008 230509b bl.|||m| |||| 00| 0 por d
040 _aBR-BrBNA
_bpor
_cBiblioteca Nacional de Agricultura
072 _aH01; E70
090 _aH01 BR9704332
100 1 _aChaves, M.M.
100 1 _aReis, M.R.
110 1 _aInstituto de Planejamento Economico e Social, Brasilia, DF (Brasil)
_96238
245 1 _aTecnologia moderna para a agricultura; v. 1: defensivos vegetais
260 3 _aBrasilia, DF (Brasil):
_c1973.
300 _a122 p.
490 _aIPEA/IPLAN. Estudos para o Planejamento (Brazil)
_vno. 7
_x
500 _a40 ref.; 10 tables
650 _aDefensivo
650 _aDefesa Vegetal
650 _aAgrotoxico
650 _aConsumo
650 _aPreco
650 _aImportacao
650 _aExportacao
909 _a202312
_bLúcia Elande
_c55
_dLúcia Elande
942 _2AGRIS
_n0
_cMS
999 _c288382
_d288382